Fairy tales northern lights / (Record no. 123683)

MARC details
000 -LEADER
fixed length control field 00586nam a22002177a 4500
005 - DATE AND TIME OF LATEST TRANSACTION
control field 20170124105928.0
010 ## - LIBRARY OF CONGRESS CONTROL NUMBER
LC control number 840736
020 ## - INTERNATIONAL STANDARD BOOK NUMBER
Terms of availability 00.00
035 ## - SYSTEM CONTROL NUMBER
System control number 840736
037 ## - SOURCE OF ACQUISITION
Source of stock number/acquisition Cen Lib/Ret
040 ## - CATALOGING SOURCE
Original cataloging agency DPL
Language of cataloging EN
082 ## - DEWEY DECIMAL CLASSIFICATION NUMBER
Classification number 398.4
Item number ZHE
100 ## - MAIN ENTRY--PERSONAL NAME
Personal name Zheleznova, Irina
9 (RLIN) 7677
245 ## - TITLE STATEMENT
Title Fairy tales northern lights /
Statement of responsibility, etc by Irina Zheleznova
260 ## - PUBLICATION, DISTRIBUTION, ETC. (IMPRINT)
Place of publication, distribution, etc Moscow
Name of publisher, distributor, etc Progress Publishers
Date of publication, distribution, etc 1976
270 ## - ADDRESS
City Moscow
Address Moscow
300 ## - PHYSICAL DESCRIPTION
Extent 227p.
Dimensions 18cm(Hb)
650 ## - SUBJECT ADDED ENTRY--TOPICAL TERM
Topical term or geographic name as entry element Fairy Tales
Geographic subdivision North
9 (RLIN) 7678
650 ## - SUBJECT ADDED ENTRY--TOPICAL TERM
Topical term or geographic name as entry element Stories
9 (RLIN) 7500
942 ## - ADDED ENTRY ELEMENTS (KOHA)
Source of classification or shelving scheme Dewey Decimal Classification
Koha item type English Books
Classification part 398.4
Call number suffix ZHE
Holdings
Withdrawn status Lost status Damaged status Not for loan Home library Current library Date acquired Source of acquisition Cost, normal purchase price Total Checkouts Full call number Barcode Date last seen Copy number Cost, replacement price Price effective from Koha item type
Withdrawn       Central Library Central Library 11/06/2015 Cen Lib/Ret 0.00   398.4 ZHE 840736 11/06/2015 1 0.00 11/06/2015 English Books

© Delhi Public Library
Hit Counter
free hit counter